Otra vuelta de tuerca / Henry James; Antonio Desmonts, traductor
Novela gótica que se desarrolla en la época victoriana, gira en torno a una joven institutriz que debe de cuidar a dos niños huérfanos, los cuales son atormentados por la presencia de espíritus, por lo que la joven institutriz decide protegerlos de estos, sin embargo, poco a poco será a ella quien l...
Uloženo v:
| Hlavní autor: | |
|---|---|
| Médium: | Kniha |
| Jazyk: | Spanish |
| Vydáno: |
Barcelona, España
Penguin Clásicos
2015
|
| Témata: | |
| Tagy: |
Přidat tag
Žádné tagy, Buďte první, kdo vytvoří štítek k tomuto záznamu!
|
MARC
| LEADER | 00000nam a22000007a 4500 | ||
|---|---|---|---|
| 008 | 171130b xxu||||| |||| 00| 0 spa d | ||
| 040 | |a cru BVZT | ||
| 090 | |a 810 J-3o | ||
| 100 | |a James, Henry | ||
| 245 | |a Otra vuelta de tuerca / Henry James; Antonio Desmonts, traductor | ||
| 260 | |a Barcelona, España |b Penguin Clásicos |c 2015 | ||
| 300 | |a 244 páginas | ||
| 520 | |a Novela gótica que se desarrolla en la época victoriana, gira en torno a una joven institutriz que debe de cuidar a dos niños huérfanos, los cuales son atormentados por la presencia de espíritus, por lo que la joven institutriz decide protegerlos de estos, sin embargo, poco a poco será a ella quien los fantasmas comienzan a martirizar con sus apariciones. Otra vuelta de tuerca, escrito en 1898 por Henry James, trata temas psicológicos, sexuales y represivos. | ||
| 650 | |a LITERATURA ESTADOUNIDENSE |9 25 | ||
| 650 | |a NOVELA |9 13 | ||
| 999 | |c 15418 |d 15418 | ||
| 942 | |c 15 D |h 810 J-3o |2 z | ||
